000 00773nam a22002417a 4500
001 2428
003 FISKH
005 20231214112321.0
008 231206b cb ||||| |||| 00| 0 eng d
020 _a087577005812
040 _aFISKH
_beng
_cFISKH
_dFISKH
082 _a394.2663
100 _aInc, Landoll
245 _aThe Christmas walk :
_bClassical Christmas collection /
260 _aOhio :
_bLandoll,
_c1997
300 _a22 pages :
_bcolor illustrations ;
_c21 cm
505 _aG
520 _aSteve and Stacy take a Christmas walk and discover that it is just as much fun to give presents as it is to get them.
521 8 _a370
_bLexile
521 8 _aG
_bRaz-Plus
650 _aChristmas collection
_vJuvenile literature
942 _2ddc
_cBK
_n0
999 _c2428
_d2428